000 00858nam a2200217Ia 4500
008 130821s1999 ck gr spa
020 _a9586650278
040 _aCo-BoUCM
_bspa
041 0 0 _aspa
245 0 3 _aEl sur en el nuevo sistema mundial
_cHugo Fazio Vengoa, compilador.
260 _aBogotá (Colombia)
_bSiglo del Hombre
_c1999
300 _a336 páginas
490 0 _aBiblioteca Universitaria, Ciencias Sociales y Humanidades.
_aPolítica y Relaciones Internacionales
504 _aIncluye bibliografía e índice general.
650 0 4 _aEconomía internacional
_97543
650 0 4 _aNeoliberalismo
_920188
700 _aFazio Vengoa, Hugo
_ecomp.
710 1 _aUniversidad Nacional de Colombia.
_bInstituto de Estudios Políticos y Relaciones Internacionales
942 _cLIBRO
_a7
_e1
_mS961
_2DEWEY
_h337
999 _c27632
_d27632